Statistiques concernant personnages de Riverdale

Cliquez ici pour prendre le quiz!

Statistiques générales

  • Ce quiz a été pris 2 121 fois
  • Le résultat moyen est 21 sur 59

Statistiques - réponses

Trouve le plus de personnagesRéponse% Correct
2Betty Cooper
99%
3Veronica Lodge
98%
1Archie Andrews
97%
4Jughead Jones
94%
5Cheryl Blossom
93%
14Alice Cooper
85%
53Hiram Lodge
83%
11Kevin Keller
82%
56FP Jones
80%
12Hermione Lodge
80%
13Fred Andrews
79%
6Jason Blossom
79%
7Toni Topaz
76%
10Josie Mc Coy
67%
8Hal Cooper
65%
50Reggie Mantle
63%
25Chic Cooper
48%
23Fangs Fogarty
48%
55Sweet Pea
44%
27Jellybean Jones
43%
20Charles Smith
42%
9Moose Mason
41%
21Ethel Muggs
37%
47Valerie Brown
37%
54Edgar Evernever
32%
59Tom Keller
31%
40Midge Klump
28%
43Penny Peabody
26%
48Evelyn Evernever
24%
46Gladys Jones
24%
35Sierra McCoy
23%
45Geraldine Grundy
22%
36Melody Valentine
19%
41Nick St.Clair
17%
49Vegas
15%
32Juniper Blossom
13%
52Tall Boy
13%
29Dagwood Blossom
12%
30Joaquin DeSantos
12%
16André
11%
26Claudius Blossom
10%
22Mad Dog
9%
38Waldo Weatherbee
8%
18Arthur Adams
7%
57Smither
7%
39Michael Minetta
6%
51Elio Grande
5%
31Joseph Svenson
4%
17Kurtz
4%
19Baby Teeth
3%
24Cassidy Bullock
3%
28Curdle Jr
3%
44Hod Dog
3%
33Malachai
3%
37Soeur Woodhouse
3%
34Myles McCoy
2%
42Norton
2%
58Robert Philips
2%
15Smithers
2%

Distribution des résultats

Percentile par nombre de réponses

% des personnes avec chaque résultat

Votre développement - résultats

Vous n’avez pas pris ce quiz